<?xml version="1.0" encoding="UTF-8"?><marc:collection xmlns:marc="http://www.loc.gov/MARC21/slim">
  <marc:record>
    <marc:leader>00000nam##2200000za#4500</marc:leader>
    <marc:controlfield tag="001">9.623155</marc:controlfield>
    <marc:controlfield tag="003">CaOODSP</marc:controlfield>
    <marc:controlfield tag="005">20240212134142</marc:controlfield>
    <marc:controlfield tag="007">ta</marc:controlfield>
    <marc:controlfield tag="008">150406|1995||||xxc|||||     f|0| 0 fre|d</marc:controlfield>
    <marc:datafield tag="020" ind1=" " ind2=" ">
      <marc:subfield code="a">0-662-80008-7</marc:subfield>
    </marc:datafield>
    <marc:datafield tag="022" ind1=" " ind2=" ">
      <marc:subfield code="a">1713-0646</marc:subfield>
    </marc:datafield>
    <marc:datafield tag="040" ind1=" " ind2=" ">
      <marc:subfield code="a">CaOODSP</marc:subfield>
      <marc:subfield code="b">fre</marc:subfield>
    </marc:datafield>
    <marc:datafield tag="043" ind1=" " ind2=" ">
      <marc:subfield code="a">n-cn---</marc:subfield>
    </marc:datafield>
    <marc:datafield tag="086" ind1="1" ind2=" ">
      <marc:subfield code="a">NE22-1/1995-1F</marc:subfield>
    </marc:datafield>
    <marc:datafield tag="110" ind1="1" ind2=" ">
      <marc:subfield code="a">Canada. </marc:subfield>
      <marc:subfield code="b">Office national de l'énergie.</marc:subfield>
    </marc:datafield>
    <marc:datafield tag="245" ind1="1" ind2="0">
      <marc:subfield code="a">TransCanada Pipelines Limited, Westcoast Energy Inc., Foothills Pipe Lines Ltd., Alberta Natural Gas Company Ltd., Gazoduc Trans Québec &amp; Maritimes Inc., Pipeline Interprovincial Inc., Trans Mountain Pipeline Company Ltd. et Pipeline Trans-Nord Inc. : </marc:subfield>
      <marc:subfield code="b">demandes portant sur le coût du capital pour 1995, datées du 20 juin 1994, 17 juin 1994, 20 juin 1994, 20 juin 1994, 20 juin 1994, 17 juin 1994, 20 juin 1994 et 20 juin 1994 respectivement, dans leur version modifiée </marc:subfield>
    </marc:datafield>
    <marc:datafield tag="260" ind1=" " ind2=" ">
      <marc:subfield code="a">Calgary - Alberta : </marc:subfield>
      <marc:subfield code="b">Office national de l'énergie </marc:subfield>
      <marc:subfield code="c">Mars 1995.</marc:subfield>
    </marc:datafield>
    <marc:datafield tag="300" ind1=" " ind2=" ">
      <marc:subfield code="a">ix, 41p. : </marc:subfield>
      <marc:subfield code="b">tableaux ; </marc:subfield>
      <marc:subfield code="c">28 cm.</marc:subfield>
    </marc:datafield>
    <marc:datafield tag="490" ind1="1" ind2=" ">
      <marc:subfield code="a">Motifs de décision</marc:subfield>
      <marc:subfield code="x">1713-0646</marc:subfield>
    </marc:datafield>
    <marc:datafield tag="563" ind1=" " ind2=" ">
      <marc:subfield code="a">Couverture souple</marc:subfield>
    </marc:datafield>
    <marc:datafield tag="775" ind1="0" ind2="8">
      <marc:subfield code="t">TransCanada PipeLines Limited, Westcoast Energy Inc., Foothills Pipe Lines Ltd., Alberta Natural Gas Company Ltd., Trans Québec &amp; Maritimes Pipeline Inc., Interprovincial Pipe Line Inc., Trans Mountain Pipe Line Company Ltd. and Trans-Northern Pipeline Inc. : </marc:subfield>
      <marc:subfield code="w">(CaOODSP)9.611926</marc:subfield>
    </marc:datafield>
    <marc:datafield tag="776" ind1="0" ind2="#">
      <marc:subfield code="t">Motifs de décision relativement à TransCanada Pipelines Limited, Westcoast Energy Inc., Foothills Pipe Lines Ltd., Alberta Natural Gas Company Ltd., Gazoduc Trans Québec &amp; Maritimes Inc., Pipeline Interprovincial Inc., Trans Mountain Pipeline Company Ltd. et Pipeline Trans-Nord Inc. : </marc:subfield>
      <marc:subfield code="w">(CaOODSP)9.602815</marc:subfield>
    </marc:datafield>
    <marc:datafield tag="830" ind1="#" ind2="0">
      <marc:subfield code="a">Motifs de décision (Canada. Office national de l'énergie)</marc:subfield>
      <marc:subfield code="x">1713-0646</marc:subfield>
      <marc:subfield code="w">(CaOODSP)9.513162</marc:subfield>
    </marc:datafield>
    <marc:datafield tag="986" ind1=" " ind2=" ">
      <marc:subfield code="a">RH-2-94</marc:subfield>
    </marc:datafield>
  </marc:record>
</marc:collection>
